| 000 | 00964nam a2200229 a 4500 | ||
|---|---|---|---|
| 001 | 37947 | ||
| 003 | BD-RjUL | ||
| 005 | 20211209052708.0 | ||
| 008 | 161108s1965 bg ||||| |||| 001 0 ben d | ||
| 035 | _a(BD-RjUL)38052 | ||
| 040 |
_aBD-RjUL _bben _cBD-RjUL _dBD-RjUL |
||
| 041 | _aben | ||
| 082 |
_a954.924 _bALD 1965 _223 |
||
| 100 |
_aআলী, মেহরাব _9127382 |
||
| 245 | 1 | 0 |
_aদিনাজপুরের রাজনৈতিক আন্দোলনের ইতিহাস : _b[১৭৫৭-১৯৪৭] / _cমেহরাব আলী, |
| 250 | _aসং. | ||
| 260 |
_aদিনাজপুর : _bমেহরাব আলী, _c১৯৬৫ |
||
| 300 |
_a[১৪], ১৮৪ পৃ. ; _c২১ সেমি. |
||
| 650 |
_aইতিহাস _zদিনাজপুর _z(রাজশাহী বিভাগ) বাংলাদেশ _9116886 |
||
| 650 |
_aHistory _zDinajpur _z(Rajshahi Division) Bangladesh _9163079 |
||
| 942 |
_2ddc _cBK |
||
| 999 |
_c37947 _d37947 |
||